Математика (Запись № 352082)
[ простой вид ]
| 000 -МАРКЕР | |
|---|---|
| контрольное поле | 02191nam1a2200385 i 4500 |
| 001 - ИДЕНТИФИКАТОР ЗАПИСИ | |
| контрольное поле | RU\NLR\bibl\65963 |
| 005 - ИДЕНТИФИКАТОР ВЕРСИИ | |
| контрольное поле | 20260406134358.0 |
| 035 ## - ДРУГИЕ СИСТЕМНЫЕ НОМЕРА | |
| Идентификатор записи | (NLR Aleph) 000064345 |
| 100 ## - ДАННЫЕ ОБЩЕЙ ОБРАБОТКИ | |
| Данные общей обработки | 19991227g19989999u y0rusy50 ca |
| 101 0# - ЯЗЫК РЕСУРСА | |
| Язык текста, звукозаписи и т.д. | русский |
| 102 ## - СТРАНА ПУБЛИКАЦИИ ИЛИ ПРОИЗВОДСТВА | |
| Страна публикации | Российская Федерация |
| 105 ## - ПОЛЕ КОДИРОВАННЫХ ДАННЫХ: ТЕКСТОВЫЕ МАТЕРИАЛЫ, МОНОГРАФИЧЕСКИЕ | |
| Кодированные данные о монографическом текстовом документе | a ||||||||| |
| 200 1# - ЗАГЛАВИЕ И СВЕДЕНИЯ ОБ ОТВЕТСТВЕННОСТИ | |
| Основное заглавие | Математика |
| Сведения, относящиеся к заглавию | Алгебра. Функции. Анализ данных |
| -- | 8 кл. |
| Первые сведения об ответственности | [Г.В. Дорофеев, С.Б. Суворова, Е.А. Бунимович, Л.В. и др.] |
| Последующие сведения об ответственности | Под ред. Г.В. Дорофеева |
| 210 ## - ПУБЛИКАЦИЯ, РАСПРОСТРАНЕНИЕ И ДР. | |
| Место издания, распространения и т.д. | М. |
| Имя издателя, распространителя и т. д. | ИОСО РАО |
| Дата издания, распространения и т.д. | 1998 |
| 215 ## - ФИЗИЧЕСКАЯ ХАРАКТЕРИСТИКА | |
| Размеры | 19 |
| 463 #0 - УРОВЕНЬ ФИЗИЧЕСКОЙ ЕДИНИЦЫ | |
| Встроенное поле | 00164971 |
| 606 ## - НАИМЕНОВАНИЕ ТЕМЫ КАК ПРЕДМЕТ | |
| Наименование темы | Алгебра |
| Формальный подзаголовок | Руководства, пособия и т.п. для средней школы |
| Системный номер авторитетной/нормативной записи | 922117 |
| Идентификатор авторитетной/нормативной записи | RU\NLR\auth\6619328 |
| 606 ## - НАИМЕНОВАНИЕ ТЕМЫ КАК ПРЕДМЕТ | |
| Наименование темы | Алгебра |
| Формальный подзаголовок | Учебные издания для средней школы |
| Системный номер авторитетной/нормативной записи | 922117 |
| Идентификатор авторитетной/нормативной записи | RU\NLR\auth\6619328 |
| 606 ## - НАИМЕНОВАНИЕ ТЕМЫ КАК ПРЕДМЕТ | |
| Наименование темы | Функции |
| Формальный подзаголовок | Руководства, пособия и т.п. для средней школы |
| Системный номер авторитетной/нормативной записи | 907725 |
| Идентификатор авторитетной/нормативной записи | RU\NLR\auth\6611241 |
| 606 ## - НАИМЕНОВАНИЕ ТЕМЫ КАК ПРЕДМЕТ | |
| Наименование темы | Функции |
| Формальный подзаголовок | Учебные издания для средней школы |
| Системный номер авторитетной/нормативной записи | 907725 |
| Идентификатор авторитетной/нормативной записи | RU\NLR\auth\6611241 |
| 606 ## - НАИМЕНОВАНИЕ ТЕМЫ КАК ПРЕДМЕТ | |
| Наименование темы | Анализ данных |
| Формальный подзаголовок | Учебные издания для средней школы |
| Тематический подзаголовок | Математические методы |
| Системный номер авторитетной/нормативной записи | 2122399 |
| Идентификатор авторитетной/нормативной записи | RU\NLR\auth\661281462 |
| 606 ## - НАИМЕНОВАНИЕ ТЕМЫ КАК ПРЕДМЕТ | |
| Наименование темы | Эксперимент |
| Формальный подзаголовок | Руководства, пособия и т.п. для средней школы |
| Тематический подзаголовок | Обработка данных |
| Системный номер авторитетной/нормативной записи | 1721905 |
| Идентификатор авторитетной/нормативной записи | RU\NLR\auth\66768457 |
| 686 ## - ИНДЕКСЫ ДРУГИХ КЛАССИФИКАЦИЙ | |
| Индекс | В192.11я721-1 |
| 686 ## - ИНДЕКСЫ ДРУГИХ КЛАССИФИКАЦИЙ | |
| Индекс | В151я721-1 |
| 686 ## - ИНДЕКСЫ ДРУГИХ КЛАССИФИКАЦИЙ | |
| Индекс | В161.13я721-1 |
| 701 #1 - ИМЯ ЛИЦА - АЛЬТЕРНАТИВНАЯ ОТВЕТСТВЕННОСТЬ | |
| Код отношения | Прочие |
| Материалы, к которым относится поле | rus |
| Графика поля | Кириллица |
| Начальный элемент ввода | Дорофеев |
| Часть имени, кроме начального элемента ввода | Г. В. |
| Даты | 1938-2008 |
| Расширение инициалов личного имени | Георгий Владимирович |
| Идентификатор авторитетной/нормативной записи | RU\NLR\AUTH\772205 |
| Системный номер авторитетной/нормативной записи | 112221 |
| 701 #1 - ИМЯ ЛИЦА - АЛЬТЕРНАТИВНАЯ ОТВЕТСТВЕННОСТЬ | |
| Код отношения | Автор |
| Материалы, к которым относится поле | rus |
| Графика поля | Кириллица |
| Начальный элемент ввода | Суворова |
| Часть имени, кроме начального элемента ввода | С.Б. |
| Дополнения к именам, кроме дат | математик |
| Расширение инициалов личного имени | Светлана Борисовна |
| Идентификатор авторитетной/нормативной записи | RU\NLR\AUTH\7726293 |
| Системный номер авторитетной/нормативной записи | 9336 |
| 701 #1 - ИМЯ ЛИЦА - АЛЬТЕРНАТИВНАЯ ОТВЕТСТВЕННОСТЬ | |
| Код отношения | Автор |
| Графика поля | Кириллица |
| Материалы, к которым относится поле | rus |
| Начальный элемент ввода | Бунимович |
| Часть имени, кроме начального элемента ввода | Е. А. |
| Даты | 1954- |
| Расширение инициалов личного имени | Евгений Абрамович |
| Системный номер авторитетной/нормативной записи | 268930 |
| Идентификатор авторитетной/нормативной записи | RU\NLR\AUTH\770268986 |
| 801 #0 - ИСТОЧНИК ЗАПИСИ | |
| Страна | Российская Федерация |
| Организация | NLR |
| Дата составления | 19991227 |
| Правила каталогизации | PSBO |
| 801 #1 - ИСТОЧНИК ЗАПИСИ | |
| Страна | Российская Федерация |
| Организация | NLR |
| Дата составления | 19991227 |
| 852 ## - МЕСТОНАХОЖДЕНИЕ И ШИФР ХРАНЕНИЯ | |
| Идентификатор организации | NLR |
| Шифр хранения (Call Number) | 99-3/16600 |
| 942 ## - ДОПОЛНИТЕЛЬНЫЕ ЭЛЕМЕНТЫ ЗАПИСИ (АБИС) | |
| Тип экземпляра АБИС | Книга |
Нет доступных экземпляров.